Biggest City in each U.S. State - Two Letter in 45 seconds - Statistics

General Stats
  • This quiz has been taken 249 times
  • The average score is 32 of 50
Answer Stats
State City % Correct
New Jersey Newark
92%
Louisiana New Orleans
92%
New York New York City
92%
California Los Angeles
89%
Kentucky Louisville
89%
South Carolina Charleston
85%
West Virginia Charleston
85%
North Carolina Charlotte
85%
Wyoming Cheyenne
85%
Illinois Chicago
84%
Pennsylvania Philadelphia
84%
Arizona Phoenix
84%
Idaho Boise
78%
Massachusetts Boston
78%
Colorado Denver
78%
Iowa Des Moines
78%
Michigan Detroit
78%
Alaska Anchorage
77%
Georgia Atlanta
77%
Hawaii Honolulu
76%
Texas Houston
76%
Mississippi Jackson
76%
Florida Jacksonville
76%
Montana Billings
74%
Alabama Birmingham
74%
Wisconsin Milwaukee
72%
Minnesota Minneapolis
72%
Arkansas Little Rock
71%
Nevada Las Vegas
67%
Maine Portland
63%
Oregon Portland
63%
Ohio Columbus
57%
Indiana Indianapolis
57%
Maryland Baltimore
53%
Kansas Wichita
51%
Delaware Wilmington
51%
Utah Salt Lake City
50%
New Hampshire Manchester
44%
Nebraska Omaha
43%
Oklahoma Oklahoma City
42%
New Mexico Albuquerque
41%
Connecticut Bridgeport
37%
Missouri Kansas City
36%
North Dakota Fargo
35%
Tennessee Nashville
35%
Rhode Island Providence
35%
Washington Seattle
28%
South Dakota Sioux Falls
28%
Vermont Burlington
22%
Virginia Virginia Beach
18%
No matching quizzes found
Score Distribution
Percent of People with Each Score
Percentile by Number Answered
Your Score History
You have not taken this quiz